000 01996nam0a2200349 i 4500
001 RU\NLR\BIBL_A\010664355
005 20260405173346.0
010 _a9785928210847
_9500
021 _aRU
_b2014-89556
_95441
035 _a(NILC)RuMoRGB-007830221
035 _a(NLR Aleph) 010664355
090 _a9579947
_c9579947
100 _a20150203d2014 k y0rusy50 ca
101 0 _arus
102 _aRU
105 _aa|||z|||001yy
200 1 _aОбеспечение качества и повышение конкурентоспособности строительной продукции
_fВ.И. Логанина, Л.В. Макарова, Р.В. Тарасов
_gМ-во образования и науки Рос. Федерации, Федер. гос. бюджет. образоват. учреждение высш. проф. образования "Пенз. гос. ун-т архитектуры и стр-ва" (ПГУАС)
210 _aПенза
_cИзд-во ПГУАС
_d2014
215 _a175 с.
_cил.
_d20
320 _aБиблиогр.: с. 127-129 (41 назв.)
606 1 _aСтроительная промышленность
_xКонкурентоспособность
_92505539
_3RU\NLR\AUTH\661485724
606 1 _aСтроительная промышленность
_xКачество продукции
_xУправление
_91770945
_3RU\NLR\AUTH\661089943
686 1 _aУ31(2)-13
686 1 _aУ31(2)-823.2-21
700 1 _7ca
_8rus
_aЛоганина
_bВ. И.
_gВалентина Ивановна
_923323
_3RU\NLR\AUTH\7740371
701 1 _8rus
_7ca
_aМакарова
_bЛ. В.
_cканд. техн. наук
_gЛюдмила Викторовна
_3RU\NLR\AUTH\7740375
_923327
701 1 _8rus
_7ca
_aТарасов
_bР. В.
_cканд. техн. наук
_gРоман Викторович
_3RU\NLR\AUTH\7774735
_957663
801 0 _aRU
_bРГБ
_c20141128
_gRCR
942 _cBOOK
980 _aNBR